01349nam a2200325Ia 4500001001200000003000800012006001900020007001500039008004100054020002500095020002200120040002100142035002100163050002400184100002800208245009700236260005300333300003100386490003300417504006600450533015200516650003000668650006500698651004400763655002900807710001700836830002700853856012600880999001701006ebr10409242CaPaEBRm u cr cn|||||||||071128s2010 stkab sb 001 0 eng d z9780748627509 (pbk.) z0748627502 (pbk.) aCaPaEBRcCaPaEBR a(OCoLC)66481114614aJN956b.R525 2010eb1 aRobinson, Chris,d1958-10aElectoral systems and voting in the United Kingdomh[electronic resource] /cChris Robinson. aEdinburgh :bEdinburgh University Press,cc2010. axii, 222 p. :bill., maps.1 aPolitics study guides series aIncludes bibliographical references (p. [217]-219) and index. aElectronic reproduction.bPalo Alto, Calif. :cebrary,d2010.nAvailable via World Wide Web.nAccess may be limited to ebrary affiliated libraries. 0aElectionszGreat Britain. 0aRepresentative government and representationzGreat Britain. 0aGreat BritainxPolitics and government. 7aElectronic books.2local2 aebrary, Inc. 0aPolitics study guides.40uhttp://site.ebrary.com/lib/rucke/Doc?id=10409242zAn electronic book accessible through the World Wide Web; click to view c80299d80299